| 000 | 00678nam a2200181Ia 4500 | ||
|---|---|---|---|
| 008 | 151018s9999 xx 000 0 und d | ||
| 082 |
_bRBASDV16099 _a891.463 |
||
| 100 | _aवसंत रत्नपारखी | ||
| 245 | _aसापांच्या साम्राज्यात | ||
| 250 | _b1 | ||
| 260 |
_bनागपूर प्रकाशन _c1978 |
||
| 300 | _a31 | ||
| 600 | _aवसंत रत्नपारखी | ||
| 630 | _aसापांच्या साम्राज्यात | ||
| 700 | _aवसंत रत्नपारखी | ||
| 730 | _aसापांच्या साम्राज्यात | ||
| 942 | _cBOOK | ||
| 999 |
_c1016818 _d1016815 |
||